[Event "GCT Saint Louis Blitz 2018"]
[Site "Saint Louis"]
[Date "2018.08.14"]
[Round "1"]
[White "Grischuk, Alexander"]
[Black "Mamedyarov, Shakhriyar"]
[Result "1/2-1/2"]
[WhiteElo "2831"]
[BlackElo "2795"]
[Annotator "TA"]
[PlyCount "100"]
[EventDate "2018.08.14"]
[EventType "tourn"]
[EventCountry "USA"]
[SourceTitle "playchess.com"]
[Source "ChessBase"]
[SourceQuality "1"]

{[%evp 16,100,16,17,33,22,24,11,5,25,15,0,19,4,29,22,20,14,24,0,47,0,12,0,-2,-2,0,-8,0,0,0,0,0,-4,0,0,0,-28,0,-26,-9,-40,-16,-22,-20,-60,-37,-52,0,0,0,-45,-43,-72,-77,-125,0,-230,-228,-218,-215,-260,-181,-194,-159,-300,-290,-372,-373,-347,-312,-290,-187,-180,0,-1,0,-511,0,0,0,0,0,0,0,0,0]} 1. e4 c6 2. d4 d5 3. e5 Bf5 4. Nf3 e6 5. Be2 Ne7 6. O-O c5 7. c4 Nbc6 8. dxc5 {B12: Caro-Kann: Advance Variation} dxc4 (8... d4 9. Qb3 Qc7 10. Na3 a6 11. Rd1 Rd8 12. Nc2 Bxc2 13. Qxc2 Ng6 14. a3 Bxc5 15. b4 Ba7 {0-1 (55) Vachier Lagrave,M (2789)-Anand,V (2759) Leuven 2018}) 9. Bxc4 {LiveBook: 6 Games} Ng6 10. Be3 {White is slightly better.} Be7 11. Bb5 O-O 12. Bxc6 bxc6 13. Qa4 $146 ({Predecessor:} 13. Nbd2 Qd5 14. Nb3 Be4 15. Qxd5 Bxd5 {½-½ (29) Pott,B (1911)-Morgan,S (1821) ICCF email 2005}) 13... Qc7 14. Kh1 Rab8 15. Nbd2 Bd3 16. Rfe1 Rfd8 {[%cal Bf8d8,Bd8d5,Bd5e5][%mdl 32]} ({Wrong is} 16... Nxe5 $2 17. Bf4 $18) 17. b4 Rd5 ({Not} 17... Nxe5 $2 18. Bf4 $18) 18. Rac1 Qb7 19. a3 Nxe5 20. Nxe5 Rxe5 21. Nc4 Bxc4 22. Rxc4 Rd8 23. Rd1 Red5 24. Rcd4 Bf6 $36 {[%mdl 2048] Black has some pressure.} 25. Rxd5 exd5 26. Bf4 h6 27. h3 Re8 28. Qb3 a6 (28... a5 $5) 29. Kg1 Re4 30. Bd6 Qb5 31. Qf3 a5 (31... Qe2 $15) 32. Qf5 $11 Re6 33. Rb1 {Threatening bxa5.} g6 34. Qf4 Kg7 35. Qd2 Re4 ({Black should try} 35... Re2 $1 $17 {[%cal Re2d2]} 36. Qd1 a4) 36. f3 $2 (36. Re1 $1 $11 {and White stays safe.}) 36... Re2 $19 37. Qf4 {intending Bf8+.} Qd3 38. Rf1 Re6 ({Don't play} 38... Qxa3 39. bxa5 Qxa5 40. Kh2 $19) 39. Qc1 a4 40. Rd1 (40. Re1 $17 {was necessary.}) 40... Qb3 $1 41. Kh1 Bb2 42. Qd2 Qxa3 43. b5 cxb5 {And now ...Qb3 would win.} 44. Qxd5 {[#]} Bf6 $2 (44... Qc3 $1 $19 {Threatens to win with ...a3.} 45. c6 a3) 45. c6 $11 Qb3 46. c7 $2 {[%mdl 8192] [#]} (46. Qxb3 $11 {and White is okay.} axb3 47. c7) 46... Re8 $2 (46... Re1+ $1 $19 {[%mdl 512]} 47. Rxe1 Qxd5) 47. Qxb3 {The position is equal.} axb3 48. Rb1 b2 49. Ba3 Rc8 50. Bxb2 Rxc7 {Precision: White = 40%, Black = 44%.} 1/2-1/2

[Event "GCT Saint Louis Blitz 2018"]
[Site "Saint Louis"]
[Date "2018.08.14"]
[Round "1"]
[White "Anand, Viswanathan"]
[Black "Vachier-Lagrave, Maxime"]
[Result "0-1"]
[WhiteElo "2812"]
[BlackElo "2878"]
[Annotator "TA"]
[PlyCount "102"]
[EventDate "2018.08.14"]
[EventType "tourn"]
[EventCountry "USA"]
[SourceTitle "playchess.com"]
[Source "ChessBase"]
[SourceQuality "1"]

{[%evp 14,102,-14,-17,-12,-35,-33,-35,-27,-37,-18,-29,-20,-29,-17,-35,-35,-33,-12,-12,-18,-20,-20,-20,-12,-22,-22,-24,-23,-36,-18,-9,0,-24,-24,-24,-24,-24,-24,-24,-24,-22,-44,-92,-15,-83,-72,-111,-80,-119,-102,-112,-112,-112,-112,-112,-112,-112,-112,-112,-112,-112,-112,-112,-112,-249,-249,-249,-249,-249,-249,-249,-249,-249,-187,-6487,-6423,-5431,-249,-12737,-11760,-8498,-8498,-29971,-29971,-29966,-29956,-29946,-5057,-12567,-8137]} 1. d4 Nf6 2. Nf3 g6 3. Bg5 Bg7 4. Nbd2 O-O 5. e4 d5 6. Bxf6 exf6 {A48: Königsindisch (ohne c2-c4)} 7. exd5 Qxd5 8. Be2 {LiveBook: 3 Partien} c5 {Die Stellung ist ausgeglichen.} 9. dxc5 Qxc5 10. O-O Nc6 $146 ({Vorgänger:} 10... f5 11. c3 Qc7 12. Re1 Nc6 13. Bc4 Bd7 14. Qe2 {0-1 (59) Shalimov,V (2439)-Sjugirov,S (2422) Kharkov 2007}) 11. c3 Be6 12. Re1 Rad8 13. Qa4 Qb6 14. Qb5 Qxb5 15. Bxb5 Ne5 16. Nd4 Bd5 17. Nf1 a6 18. Be2 Bh6 19. g3 Nc6 20. Nxc6 Bxc6 21. Rad1 f5 22. f4 Rxd1 23. Rxd1 Re8 24. Kf2 Bf8 $36 {[%mdl 2048] Schwarz hat gut koordiniertes Spiel.} 25. Nd2 $1 Bc5+ 26. Kf1 {[#]} Bg2+ $1 {[%mdl 512]} 27. Kxg2 {Und Lf3 würde nun gewinnen.} Rxe2+ $11 {[%mdl 4096] Endspiel KTL-KTS} 28. Kh1 h5 (28... Be7 $17) 29. b4 {[#]} (29. Nb3 $1 $11 Be3 30. Rd8+ Kg7 31. Re8) 29... Be7 $1 $17 30. Nc4 b5 31. Ne5 Bf6 32. Rd6 Bxe5 33. fxe5 Rxa2 {KT-KT} 34. e6 fxe6 35. Rxe6 Kg7 36. Kg1 {[#]} h4 $1 {[%mdl 512]} 37. gxh4 {[#]} Kh6 $1 38. Rc6 Kh5 39. c4 (39. Kh1 $17 {war nötig.}) 39... Ra4 $19 ({Finger weg von} 39... Kxh4 40. Rxg6 bxc4 41. Rc6) 40. c5 Rxb4 41. Rxa6 Rc4 ({Bloß nicht} 41... Rxh4 42. c6) ({Keinesfalls} 41... Kxh4 42. Rxg6 Rc4 43. c6 $17) 42. c6 Kxh4 43. Rb6 Kh3 44. Rxb5 $2 (44. c7) 44... Rc1+ 45. Kf2 Rxc6 46. Rb8 $2 (46. Rb7) 46... Rc2+ 47. Kf3 Kxh2 48. Rh8+ Kg1 49. Rg8 Rf2+ 50. Ke3 Rg2 51. Kf3 g5 {Precision: Weiß = 43%, Schwarz = 71%.} 0-1

[Event "GCT Saint Louis Blitz 2018"]
[Site "Saint Louis"]
[Date "2018.08.14"]
[Round "1"]
[White "So, Wesley"]
[Black "Caruana, Fabiano"]
[Result "0-1"]
[WhiteElo "2800"]
[BlackElo "2709"]
[Annotator "TA"]
[PlyCount "62"]
[EventDate "2018.08.14"]
[EventType "tourn"]
[EventCountry "USA"]
[SourceTitle "playchess.com"]
[Source "ChessBase"]
[SourceQuality "1"]

{[%evp 9,62,0,0,0,12,0,19,11,11,0,2,0,22,0,0,3,26,-60,-41,-58,-52,-72,-41,-38,-38,-40,-33,-60,-52,-395,-377,-439,-452,-538,-526,-491,-348,-341,-355,-360,-359,-359,-350,-347,-352,-451,-445,-437,-413,-29989,-29990,-29997,-29998,-29998,-29999]} 1. Nf3 d5 2. b3 Nf6 3. Bb2 Bg4 4. h3 (4. g3 Nbd7 5. Bg2 e6 6. O-O Bd6 7. d3 O-O 8. Nbd2 Qe7 9. a3 c6 10. h3 Bh5 11. e4 dxe4 12. dxe4 Be5 13. c3 Rad8 14. Qc2 {1-0 (70) Nakamura,H (2787)-Kramnik,V (2800) Moscow 2018}) 4... Bh5 5. g4 Bg6 6. d3 {A06: Zukertort-Eröffnung} Nbd7 7. Bg2 $146 ({Vorgänger:} 7. Nh4 e5 8. Nxg6 hxg6 9. Bg2 c6 10. e3 a5 11. Nc3 Bd6 {1-0 (43) Ostapenko,D (2320)-Khantuev,A (2335) Irkutsk 2010}) 7... e6 8. Nh4 {Die Stellung ist ausgeglichen.} Bd6 9. Nd2 c6 10. e3 a5 11. a3 e5 12. O-O O-O 13. f4 ({Günstiger ist} 13. Nxg6 $11 hxg6 14. c4) 13... exf4 $1 $15 14. exf4 {Weiss will f5 spielen.} h6 15. Qf3 Qc7 16. Rae1 Rae8 17. Rxe8 Rxe8 {[%cal Bf8e8,Be8e1,Be1e3,Be3g3,Bg3g5][%mdl 32]} 18. Nxg6 fxg6 19. g5 $2 {[%mdl 8192] [#]} (19. c4 $15) 19... Nh5 $19 {[%cal Rd6f4]} 20. gxh6 Bxf4 {Droht stark ...Tf8.} 21. Rf2 Re1+ 22. Bf1 Re3 23. Qd1 Rg3+ ({Weniger gut wäre} 23... gxh6 24. Bd4 $17) (23... Bxh6 $2 24. Bg2 $17) 24. Kh1 Be3 (24... gxh6 $2 25. Bg2 $17) 25. Qe1 {Jetzt hxg7! und Weiss darf weiter klammern.} Bxf2 26. Qxf2 Rg5 {zielt auf ...Sg3+ ab.} 27. Nf3 Qf4 ({Minderwertig wäre} 27... Ng3+ 28. Kg2 $11) 28. Bg2 {[#]} Ne5 $1 {[%mdl 512]} 29. Qd4 (29. Bxe5 $19 Rxe5 30. Kg1) 29... Ng3+ {Schwarz setzt Matt.} 30. Kh2 Nxf3+ 31. Bxf3 Nf1+ {Precision: Weiß = 46%, Schwarz = 77%.} 0-1

[Event "GCT Saint Louis Blitz 2018"]
[Site "Saint Louis"]
[Date "2018.08.14"]
[Round "1"]
[White "Dominguez Perez, Leinier"]
[Black "Aronian, Levon"]
[Result "1/2-1/2"]
[WhiteElo "2687"]
[BlackElo "2871"]
[Annotator "TA"]
[PlyCount "96"]
[EventDate "2018.08.14"]
[EventType "tourn"]
[EventCountry "USA"]
[SourceTitle "playchess.com"]
[Source "ChessBase"]
[SourceQuality "1"]

{[%evp 17,96,22,21,0,28,20,52,72,117,60,52,39,47,21,29,28,45,26,28,36,51,5,2,-6,0,0,0,-4,0,-10,0,0,15,7,18,0,20,0,60,56,62,59,66,51,56,8,31,31,35,33,32,39,26,45,65,0,0,0,0,0,0,0,0,0,0,0,8,8,10,0,8,8,8,0,10,10,17,0,0,0,19]} 1. e4 e5 2. Nf3 Nc6 3. Bc4 Bc5 4. c3 Nf6 5. d3 O-O 6. Nbd2 d6 7. O-O Ne7 {C54: Giuoco Piano: 4 c3 Nf6, main lines with 5 d4 and 5 d3} 8. d4 (8. Bb3 Ng6 9. h3 c6 10. Re1 Bb6 11. Nf1 h6 12. Ng3 d5 13. exd5 Nxd5 14. d4 exd4 15. Nxd4 {½-½ (27) Wei,Y (2734)-Wen,Y (2596) Tianjin 2018}) 8... exd4 9. cxd4 Bb6 {LiveBook: 8 Games} 10. e5 Ne8 11. a4 $146 ({Predecessor:} 11. Ng5 Bf5 12. e6 f6 13. Nf7 Qc8 14. d5 c6 15. Qf3 {0-1 (37) Weiss,R (2275)-Vajda,A (2345) Eger 1993}) 11... Nf5 12. Nb3 dxe5 13. dxe5 (13. Bg5 $16 Nf6 14. dxe5 Qxd1 15. Raxd1) 13... Qxd1 $1 $14 14. Rxd1 {[#] Black must now prevent a5.} a5 $1 15. h3 c6 16. Bg5 h6 17. Bd8 Bxd8 18. Rxd8 {[#] aiming for e6.} Nc7 19. Rxf8+ (19. Rad1 {is interesting.} Ne6 20. R8d2 h5 21. g3 b6 22. Kg2) 19... Kxf8 20. Nbd4 Bd7 21. Rd1 Ke8 22. g4 $36 {[%mdl 2048] White has good play.} Ne7 23. Kh2 Rd8 24. Kg3 Bc8 {...c5 is the strong threat.} 25. Rd2 Ncd5 26. Bb3 Nb4 27. Bc4 g6 (27... Nbd5 $11) 28. Nb3 {Hoping for Bxf7+!} Rxd2 29. Nfxd2 b6 30. Ne4 Be6 31. Nbd2 Bxc4 32. Nxc4 $11 {[%mdl 4096] Endgame KNN-KNN} Ned5 33. f4 Nd3 34. f5 gxf5 35. gxf5 Kf8 36. Kf3 (36. b3 $14) 36... b5 {The position is equal.} 37. axb5 cxb5 38. Nxa5 Nxe5+ 39. Kg3 Nd3 40. b3 Nc1 41. Kf3 Kg7 42. Nd6 b4 43. Ne4 h5 44. h4 Nd3 45. Nc6 Nc1 46. Nd4 Nd3 47. Nc6 Nc1 48. Nd4 Nd3 {Precision: White = 56%, Black = 61%.} 1/2-1/2

[Event "GCT Saint Louis Blitz 2018"]
[Site "Saint Louis"]
[Date "2018.08.14"]
[Round "2"]
[White "Karjakin, Sergey"]
[Black "Anand, Viswanathan"]
[Result "1-0"]
[WhiteElo "2898"]
[BlackElo "2812"]
[Annotator "TA"]
[PlyCount "93"]
[EventDate "2018.08.14"]
[EventType "tourn"]
[EventCountry "USA"]
[SourceTitle "playchess.com"]
[Source "ChessBase"]
[SourceQuality "1"]

{[%evp 14,93,14,22,28,31,32,32,39,38,52,39,46,51,70,-16,54,39,35,34,44,53,92,95,86,100,89,83,97,99,94,97,93,79,71,73,54,68,56,49,45,45,56,74,74,53,58,42,35,0,19,18,110,90,79,63,69,14,18,0,50,60,50,31,35,39,38,39,46,4,50,50,656,646,1271,1277,1124,856,761,630,566,485]} 1. e4 e5 2. Nf3 Nc6 3. Bc4 Bc5 4. c3 Nf6 5. d3 O-O 6. a4 {C54: Giuoco Piano: 4 c3 Nf6, main lines with 5 d4 and 5 d3} (6. O-O d6 7. Re1 h6 8. Nbd2 a5 9. Nf1 Bb6 10. Be3 Bxe3 11. Nxe3 Be6 12. Bb5 Ne7 13. Ba4 Ng6 14. Bc2 Re8 15. d4 {1-0 (54) Vachier Lagrave,M (2789)-Caruana,F (2816) Paris 2018}) 6... a6 (6... a5 7. Bg5 h6 8. Bh4 Be7 9. Nbd2 d6 10. Bg3 Nh7 11. O-O Kh8 12. Qb3 Qe8 13. Rfe1 Bf6 {1-0 (37) Karjakin,S (2773)-Anand,V (2783) Saint Louis 2017}) 7. b4 Ba7 8. Bg5 {[%cal Bc1g5,Bg5h4,Bh4g3][%mdl 32] LiveBook: 4 Games. The position is equal.} d6 9. Nbd2 Be6 10. O-O h6 11. Bh4 Kh8 $146 ({Predecessor:} 11... Qe7 12. Rc1 Bxc4 13. Nxc4 Qe6 14. Bxf6 Qxf6 15. b5 Ne7 16. d4 Ng6 17. Ne3 Rfe8 {½-½ (32) Nijboer,F (2550)-Karttunen,M (2452) Novi Sad 2016}) 12. Re1 g5 13. Bg3 Bg4 14. Qb3 ({White should play} 14. h3 $14 Bd7 15. Nb3) 14... Qe7 (14... Nh5 $11) 15. d4 Nh5 16. Bd5 Nxg3 17. hxg3 exd4 18. Bxc6 $1 bxc6 19. cxd4 Bxf3 20. Nxf3 g4 21. Nh4 {Threatens to win with Rac1.} Bxd4 22. Nf5 Qf6 23. Rac1 c5 24. Nxd4 Qxd4 25. Rc4 Qe5 26. Qe3 Kg7 27. bxc5 Rae8 28. cxd6 cxd6 29. Rd1 Re6 30. Qa7 Rfe8 31. Rcd4 Qf6 (31... Qc5 $5 {[%cal Rc5a7]} 32. Qb7 (32. Qxa6 Rxe4 33. Rxe4 Rxe4 $11) 32... Qc2 $14) 32. Qxa6 {And now Qc4 would win.} d5 (32... Rxe4 $11 {remains equal.} 33. Qc4 (33. Qxd6 Qxd6 34. Rxd6 Rxa4 $11) 33... Rxd4 34. Rxd4 (34. Qxd4 Re1+ 35. Kh2 Qxd4 $11) 34... h5) 33. Qb5 dxe4 34. a5 Re5 35. Qa4 (35. Qb4 $14) 35... h5 $11 36. Rd6 R8e6 37. Rxe6 Rxe6 $14 {[%mdl 4096] Endgame KQR-KQR} 38. Qa1 Ra6 39. Qxf6+ Kxf6 {KR-KR} 40. Ra1 Ke5 41. Kf1 f5 42. Ke2 f4 $2 {[%mdl 8192] [#]} (42... Kf6 $14) 43. gxf4+ $18 {White is clearly winning.} Kxf4 44. g3+ Kf5 45. Ke3 Ke5 46. Ra2 Kf5 47. Ra4 {Precision: White = 60%, Black = 43%.} 1-0

[Event "GCT Saint Louis Blitz 2018"]
[Site "Saint Louis"]
[Date "2018.08.14"]
[Round "2"]
[White "Vachier-Lagrave, Maxime"]
[Black "Grischuk, Alexander"]
[Result "1/2-1/2"]
[WhiteElo "2878"]
[BlackElo "2831"]
[Annotator "TA"]
[PlyCount "58"]
[EventDate "2018.08.14"]
[EventType "tourn"]
[EventCountry "USA"]
[SourceTitle "playchess.com"]
[Source "ChessBase"]
[SourceQuality "1"]

{[%evp 22,58,15,0,0,0,0,-23,-6,-14,12,4,4,4,0,-25,0,-35,0,-14,0,-17,0,0,8,2,0,-30,-29,-24,-32,-21,-8,-11,0,-4,0,0,4]} 1. e4 e5 2. Nf3 Nc6 3. Bb5 Nf6 4. O-O Nxe4 5. d4 Nd6 6. Bxc6 dxc6 7. dxe5 Nf5 8. Qxd8+ Kxd8 9. h3 Be7 {C67: Ruy Lopez: Berlin Defence: 4 0-0 Nxe4} 10. Nc3 Nh4 11. Nxh4 Bxh4 12. Be3 {LiveBook: 8 Games} Bd7 13. Rad1 {[#] Strongly threatening Rd4.} Kc8 {[#]} 14. Rd2 $146 ({Predecessor:} 14. g4 Re8 15. f4 h5 16. Rd4 c5 17. Re4 {½-½ (42) Navara,D (2737)-Grischuk,A (2783) Tbilisi 2017}) 14... b6 15. Rfd1 Rd8 16. Ne2 c5 17. Nf4 {g3 is the strong threat.} Bc6 18. e6 {[#] Black must now prevent Rxd8+.} fxe6 19. Nxe6 Rxd2 20. Rxd2 Bf6 21. Bf4 Kb7 22. Bg5 {And now Bxf6 would win.} Re8 23. Bxf6 Rxe6 24. Bxg7 $11 {[%mdl 4096] Endgame KRB-KRB} Rg6 25. Be5 Rxg2+ 26. Kf1 Rg5 {The position is equal.} 27. Bg3 Rd5 28. Ke2 Rxd2+ 29. Kxd2 Be4 {Precision: White = 50%, Black = 47%.} 1/2-1/2

[Event "GCT Saint Louis Blitz 2018"]
[Site "Saint Louis"]
[Date "2018.08.14"]
[Round "2"]
[White "Mamedyarov, Shakhriyar"]
[Black "Dominguez Perez, Leinier"]
[Result "1/2-1/2"]
[WhiteElo "2795"]
[BlackElo "2687"]
[Annotator "TA"]
[PlyCount "110"]
[EventDate "2018.08.14"]
[EventType "tourn"]
[EventCountry "USA"]
[SourceTitle "playchess.com"]
[Source "ChessBase"]
[SourceQuality "1"]

{[%evp 16,110,16,-27,0,0,0,-8,5,5,10,0,5,-7,-8,-7,-6,-59,0,0,0,-14,0,-4,-4,-8,-10,-29,-32,-54,0,-2,0,-7,-6,-50,-7,-31,0,-4,-4,-7,0,-39,0,0,0,0,0,-5,0,0,0,-34,0,0,0,0,0,0,0,0,0,0,0,0,0,0,19,12,14,0,0,0,0,0,0,0,0,0,0,0,0,-113,-105,-102,-115,-342,-339,-417,-394,-404,0,0,0,-348,0]} 1. c4 e6 2. Nf3 d5 3. e3 Nf6 4. Nc3 dxc4 5. Bxc4 a6 6. a4 c5 7. d4 Nc6 8. O-O {[%cal Be1g1,Bg1f1,Bf1e2][%mdl 32]} Be7 9. Ne5 {LiveBook: 57 Games} Bd7 {D27: Queen's Gambit Accepted: Classical main line: 7 e4!? and 7 a4} (9... cxd4 10. Nxc6 bxc6 11. exd4 a5 12. Qf3 Qd7 13. Bf4 Ba6 14. b3 O-O 15. Be5 Nd5 16. Rfd1 Bxc4 17. bxc4 Nxc3 18. Qxc3 Rfd8 19. Qf3 {½-½ (52) Kamsky,G (2741)-Wang,H (2718) Ningbo 2011}) 10. Nxd7 Qxd7 11. dxc5 Qxd1 {The position is equal.} 12. Rxd1 Bxc5 13. Kf1 $146 ({Predecessor:} 13. Bd2 Ke7 14. Na2 Rhc8 15. Rac1 Bd6 16. b4 a5 17. bxa5 Nxa5 {0-1 (66) Ozturk,E (2190)-Dimitrov,R (2458) Albena 2017}) 13... Ke7 14. Ke2 Rac8 15. Bd2 Bd6 16. Be1 (16. Bd3 $11) 16... Rc7 (16... Bxh2 $15 17. Bd3 h6) 17. h3 Rhc8 18. Ba2 Bb4 19. f3 h6 20. Bg3 (20. g4 {feels hotter.} g5 21. Rab1 Bd6 22. f4 Bb4 23. Rbc1) 20... Rd7 21. Rxd7+ (21. Bh4 {is more complex.} g5 22. Be1 Bd6 23. Rab1 Rdc7 24. Kf2) 21... Nxd7 22. Rc1 Nf6 ({Better is} 22... Nb6 $15) 23. Be1 Nd7 24. Bb1 Nb6 25. Be4 f5 (25... Bxc3 $5 26. Bxc3 Nxa4 $11) 26. Bb1 Kd7 27. g4 g6 28. Ba2 Ke7 29. Bb1 Bd6 (29... Bxc3 $5 30. Rxc3 Nxa4 $15) 30. h4 h5 31. g5 Nc4 32. Ba2 Nb4 33. Bxc4 Rxc4 34. f4 (34. Na2 $5 Rxc1 35. Nxc1 $11) 34... Nd5 35. Kd3 b5 36. axb5 axb5 37. b3 Rc5 38. Ra1 Nb4+ 39. Ke2 Nc6 40. Ra8 b4 41. Na4 Rc2+ 42. Kd3 Rc1 43. Bd2 Rh1 44. Ra6 Kd7 45. Nb6+ Kc7 {[#] And now ...Kb7 would win.} 46. Na8+ Kd7 47. Nb6+ Kc7 {White must now prevent ...Kb7.} 48. Nc4 Bc5 49. Ne5 (49. Ra8 $11 {remains equal.}) 49... Nxe5+ $17 50. fxe5 {[%mdl 4096] Endgame KRB-KRB} Kd7 51. Kc4 $2 (51. Ra8 $17 {was worth a try.}) 51... Be7 $19 52. Ra7+ {[#]} Ke8 $1 53. Ra8+ Kd7 54. Ra7+ Ke8 55. Ra8+ $1 Kd7 $2 {Precision: White = 42%, Black = 51%.} (55... Kf7 $19 56. Rb8 Rxh4+ 57. Kd3 Re4) 1/2-1/2

[Event "GCT Saint Louis Blitz 2018"]
[Site "Saint Louis"]
[Date "2018.08.14"]
[Round "2"]
[White "Caruana, Fabiano"]
[Black "Aronian, Levon"]
[Result "1/2-1/2"]
[WhiteElo "2709"]
[BlackElo "2871"]
[Annotator "TA"]
[PlyCount "161"]
[EventDate "2018.08.14"]
[EventType "tourn"]
[EventCountry "USA"]
[SourceTitle "playchess.com"]
[Source "ChessBase"]
[SourceQuality "1"]

{[%evp 15,161,-6,0,-10,-14,-25,0,0,5,-10,18,10,30,0,30,29,33,33,38,31,29,31,31,30,29,26,35,11,21,26,40,15,18,2,0,0,6,0,78,35,22,17,29,17,14,7,31,20,50,50,49,31,54,0,261,81,62,64,61,53,49,37,55,37,178,164,204,89,104,66,82,79,1157,1053,1481,1308,1175,931,1353,774,737,739,631,81,81,-163,-163,-163,-34,-162,-148,-149,-49,-29975,-77,-80,-83,-83,-62,-62,-62,-62,-62,-52,0,0,0,0,8,0,8,8,4947,-8,-8,-8,-8,-8,0,-205,-205,-440,0,0,0,0,8,8,8,8,8,0,0,0,0,0,0,0,0,0,0,0,0,0,80,0,0,0]} 1. c4 Nf6 2. Nc3 e5 3. Nf3 Nc6 4. a3 g6 5. d3 Bg7 6. g3 O-O 7. Bg2 d6 8. O-O Nd4 {LiveBook: 31 Games} 9. Ne1 {A26: English Opening vs King's Indian with ...Nc6 and d3} (9. Nd2 a5 10. Rb1 c6 11. b4 axb4 12. axb4 d5 13. Bb2 Re8 14. b5 Be6 15. bxc6 bxc6 16. e3 Nf5 17. Nf3 Nd7 18. cxd5 cxd5 19. e4 dxe4 {½-½ (19) Smirin,I (2658)-Zhigalko,S (2647) Kishinev 2016}) 9... c6 10. b4 $146 ({Predecessor:} 10. e3 Nf5 11. Nf3 a6 12. h3 b5 13. c5 Re8 14. cxd6 Qxd6 15. Qc2 Bb7 16. Nd2 Qe7 {1-0 (32) Henrichs,T (2503)-Fleck,J (2339) Germany 2012}) 10... Re8 11. e3 Ne6 12. Bb2 h5 13. Nf3 Bd7 14. Rc1 Rc8 15. c5 Nf8 16. cxd6 Bg4 17. h3 Bxf3 $1 18. Qxf3 Qxd6 19. Rfd1 a6 20. Qe2 Ne6 21. h4 Rcd8 22. Bh3 Qb8 23. Qf3 Nd5 24. Ne4 f5 25. Nc5 Nxc5 26. bxc5 Nf6 (26... e4 $11 27. Qe2 Bxb2 28. Qxb2 Nxe3 $1 {[%mdl 512]}) 27. Qe2 Ng4 28. Bc3 Qc7 29. Rb1 Qf7 30. Rb2 Rd5 31. Rdb1 Re7 32. e4 Rd8 33. Bd2 f4 34. Rb3 (34. f3 $14 Nh6 35. Rb3) 34... Red7 $2 {[%mdl 8192]} (34... fxg3 $11 35. fxg3 Rf8) 35. Bxg4 $2 (35. f3 $18 {is the precise move to win.}) 35... hxg4 $16 36. Qxg4 {[%cal Rg3f4]} Rxd3 37. Rxb7 Qf6 $1 38. Be1 {Black must now prevent gxf4.} fxg3 39. fxg3 Rf3 (39... Rxa3 $14 40. R7b3 Rxb3 41. Rxb3 Rf8) 40. Kg2 $18 Rf8 41. Rb8 (41. R1b2 $1 $18 {and the rest is easy.}) 41... Rxa3 $16 42. Rxf8+ $1 Bxf8 43. Rb2 $1 $36 {[%cal Rb2f2][%mdl 2048] Black is under strong pressure.} a5 $2 {[%mdl 8192]} (43... Bxc5 $16 44. h5 Ra1 45. Rb8+ Bf8) 44. Rf2 $18 Qg7 45. Qe6+ Kh8 46. Rf7 Qh6 47. Qxe5+ Bg7 48. Qe8+ Kh7 49. Kh3 $2 (49. Bf2 $18 {and White stays clearly on top.}) 49... g5 $16 50. Qd7 $2 (50. Kg2 $16) 50... Qxh4+ $1 $19 51. Kg2 Ra2+ ({Black should try} 51... Qxe4+ $19 52. Kf1 Rf3+ 53. Rxf3 Qxf3+ 54. Kg1 Qe3+ 55. Kf1 a4 56. Qf5+ Kh6) 52. Bf2 ({Only move:} 52. Bd2 $1 $15 Qxe4+ 53. Kf2) 52... Qxe4+ 53. Kh2 Qg6 ({Black should play} 53... Kh6 $1 $17 54. Qd6+ Kh5) 54. Qh3+ $2 {[%mdl 8192]} (54. Kh3 $15) 54... Qh6 $2 (54... Kg8 {mates} 55. Rxg7+ Qxg7 56. Qc8+ Qf8 57. Qxf8+ Kxf8 58. Kg1 Rxf2 59. Kxf2 a4 60. Kf3 a3 61. Kg4 a2 62. Kf5 a1=Q 63. Kg6 Qe5 64. Kh5 Qxg3 65. Kg6 Qf4 66. Kh6 Kf7 67. Kh7 Qh4#) 55. Qxh6+ $17 Kxh6 {[%mdl 4096] Endgame KRB-KRB} 56. Kg1 a4 57. Rc7 a3 58. Rxc6+ Kh5 59. Ra6 Bb2 (59... Kg4 $15 60. c6 Be5) 60. c6 Ra1+ 61. Kg2 {Strongly threatening Kf3.} Rc1 62. Be3 Rc2+ 63. Kf3 Rc4 $2 {[%mdl 8192] [#]} (63... g4+ $11 64. Ke4 Bg7) 64. Ke2 $2 (64. c7 $1 $18 {[%cal Rc7c8][%mdl 512]} Bg7 (64... Rxc7 65. g4+) 65. Ra5 (65. Rxa3 Rxc7 66. g4+ Kh4 $11) 65... Rxc7 66. Rxg5+ Kh6 67. Rc5+ Kg6 68. Rxc7) 64... Kg4 $11 65. Kd3 Rc3+ 66. Kd2 Kxg3 {...g4 is the strong threat.} 67. Bd4 $2 (67. Bxg5 $11 Rxc6 68. Rxc6) 67... Rc4 $19 68. Ba7 $2 (68. Be3 g4 69. Kd3 Rxc6 70. Rxc6) 68... Bf6 $2 (68... Kf3 $19 69. Bb8 g4) 69. Rxa3+ $11 Kg4 70. Ra6 Bd8 71. Kd3 Rc1 72. Be3 Rd1+ 73. Kc2 Rd5 74. Kc3 Kf5 75. Kc4 Rd1 76. Ra8 g4 77. Bd4 Bc7 78. Rc8 Bg3 79. Rf8+ Ke6 (79... Ke4 $11 {keeps the balance.} 80. Re8+ Kf5) 80. Re8+ (80. Rf6+ $16 Ke7 81. Rg6) 80... Kf5 81. Rf8+ {Precision: White = 34%, Black = 38%.} 1/2-1/2